Estados contables en moneda homógenea (Registro nro. 11516)

Detalles MARC
000 -LEADER
fixed length control field 00377 a2200133 4500
001 - CONTROL NUMBER
control field ART_6736
005 - DATE AND TIME OF LATEST TRANSACTION
control field 20260410161621.0
008 - FIXED-LENGTH DATA ELEMENTS--GENERAL INFORMATION
fixed length control field 260409a
100 1# - MAIN ENTRY--PERSONAL NAME
Personal name Slosse, Carlos Alberto
245 10 - TITLE STATEMENT
Title Estados contables en moneda homógenea
700 1# - ADDED ENTRY--PERSONAL NAME
Personal name Gamondés, Santiago F.
700 1# - ADDED ENTRY--PERSONAL NAME
Personal name Nigro, Jorge O.
773 0# - HOST ITEM ENTRY
Title Enfoques
Related parts - Nº 3 (mar. 2010)
Record control number REV416

No hay ítems disponibles.